Cómo superar un bollodrama /

Detalles Bibliográficos
Autor principal: Alcaide, Paula, 1989- (Autor)
Formato: Electrónico eBook
Lenguaje:español
Publicado: Barcelona ; Madrid : Editorial Egales, [2019]
Colección:Colección G.
Materias:
Acceso en línea:Digitalia Hispánica

MARC

LEADER 00000nam a2200000Ii 4500
001 DIGEGALES0084
003 NyNyDIG
006 m o d
007 cr |||||||||||
008 240606s2019 sp ob 000 0 spa d
035 |a (OCoLC)1437903866 
040 |a DGITA  |b eng  |e rda  |e pn  |c DGITA 
020 |a 9788417319595  |q eBook 
020 |z 9788417319588 
050 1 4 |a HQ73 ebook 
100 1 |a Alcaide, Paula,  |d 1989-  |e author. 
245 1 0 |a Cómo superar un bollodrama /  |c Paula Alcaide. 
264 1 |a Barcelona ;  |a Madrid :  |b Editorial Egales,  |c [2019] 
300 |a 1 online resource. 
336 |a text  |b txt  |2 rdacontent 
337 |a computer  |b c  |2 rdamedia 
338 |a online resource  |b cr  |2 rdacarrier 
347 |a text file  |2 rdaft 
347 |b EPUB 
490 1 |a Colección G 
504 |a Includes bibliographical references. 
588 0 |a Online resource; title from ePub title page (Digitalia, viewed June 6, 2024) 
650 0 |a Lesbians  |x Psychology. 
650 0 |a Bisexuality  |x Psychological aspects. 
791 2 |a Digitalia (Firm),  |e distributor. 
793 0 |g Digitalia eBook Collection:  |a Editorial Egales 
776 0 8 |i Print version:  |a Alcaide, Paula, 1989-  |t Cómo superar un bollodrama.  |d Barcelona ; Madrid : Editorial Egales, [2019]  |z 9788417319588 
830 0 |a Colección G. 
856 4 0 |3 Digitalia Hispánica  |u https://www.digitaliapublishing.com/a/144377/ 
910 |a Premium collection: 2024